000 00324nam a22001457a 4500
008 230130b ||||| |||| 00| 0 eng d
020 _a9780714119939
041 _aeng
080 _a72
082 _a72TAY
100 _a19
101 _aARK
245 _aANCIENT EGYPTIAN BOOK OF THE DEAD
_cTAYLOR H J
942 _2udc
_cBK
999 _c59293
_d59293